000 00290nam a22001337a 4500
008 181023b xxu||||| |||| 00| 0 eng d
020 _a9781457642326
041 _aeng
080 _a370
100 _a47
101 _aMAT
245 _a APocket Style MANUAL
_cdIANA.H
942 _2udc
_cBK
999 _c50763
_d50763